Lí luận dạy sinh học Phần đại cương

Gespeichert in:
Bibliographische Detailangaben
1. Verfasser: Đinh Quang Báo
Format: Buch
Sprache:Undetermined
Veröffentlicht: Hà Nội Giáo Dục 1998
Schlagworte:
Tags: Tag hinzufügen
Keine Tags, Fügen Sie den ersten Tag hinzu!
Thư viện lưu trữ: Trung tâm Học liệu Trường Đại học Cần Thơ
LEADER 00591nam a2200205Ia 4500
001 CTU_29618
008 210402s9999 xx 000 0 und d
020 |b 13.300đ 
082 |a 570.7 
082 |b B108 
100 |a Đinh Quang Báo 
245 0 |a Lí luận dạy sinh học 
245 0 |b Phần đại cương 
245 0 |c Đinh Quang Báo, Nguyễn Đức Thành 
260 |a Hà Nội 
260 |b Giáo Dục 
260 |c 1998 
650 |a biology - study and teaching 
904 |i Minh, 990414 
980 |a Trung tâm Học liệu Trường Đại học Cần Thơ